000 00381nam a2200145Ia 4500
008 230917s9999||||xx |||||||||||||| ||und||
040 _e179203
_aMAIN
041 _aEnglish
082 _a791.4303 A26M
100 _aAndrew, J Dudley
245 0 _aMajor film theories: An introduction
260 _aOxford
_bOxford University Press
_c2008
300 _aviii, 278 p.
942 _cBK
999 _c151020
_d151020